Колокола (Запис номер 365749)
[ съкратено ]
| 000 -Лидер | |
|---|---|
| Контролно поле с фиксирана дължина | nam a22 7a 4500 |
| 003 - Код на организацията, давaща контролен номер | |
| Контролно поле | BLK |
| 005 - Дата и час на последна редакция | |
| Контролно поле | 20200602120303.0 |
| 008 - Елементи от данни с фиксирана дължина | |
| fixed length control field | 200602b bu ||||| |||| 00| 0 bu d |
| 040 ## - Източник на каталожния запис | |
| Идентификатор на билиотеката - собственик на записа | BLK |
| 041 ## - Код за език | |
| Код за езика на текст/звукозапис или на отделно заглавие | Руски |
| Код за езика КДБФ | Руски |
| 080 ## - УДК | |
| Текстов определител УДК | Художествена обработка на метали |
| УДК код - определител по УДК | 739 |
| УДК определител | (045) |
| УДК - код + определител | 739(045) |
| 139 ## - Редно поле | |
| Редна дума | Колокола |
| Авторски знак | Коло - К 79 |
| 245 ## - Сведения за заглавието | |
| Заглавие | Колокола |
| Подзаглавни данни | История и современность |
| Редно поле (дума) | Состав. Ю. В. Пухначев; отв. ред. Борис Викторович Раушенбах |
| 250 ## - Област на изданието | |
| Сведения за изданието | 2. типогр. изд. |
| 257 ## - Страна на издаване | |
| Страна на създаване/издаване | СССР |
| 260 ## - Област на издателските данни | |
| 9 (RLIN) | 400719 |
| Място на издаване, разпространение и проч. | Москва |
| Име на издателя, разпространителя и проч. | Наука |
| Година на издаване | 1985 |
| 300 ## - Физическа характеристика | |
| Страници | 304 с. |
| Илюстрации и др. | с ил., табл., диагр., фотогр. |
| Размери/Мащаб | 20 см |
| 380 ## - Жанр | |
| Жанр | Изкуство |
| 500 ## - Общи забележки | |
| Забележка | Изд. на Академия наук СССР. Научный совет по истории мировой культуры. - Библиогр. с. 302. - 23 000 тир. |
| 650 #0 - Допълнително описание по предмет – тема | |
| 9 (RLIN) | 304872 |
| Основно описание – тема или топоним | Художествена обработка на метали |
| 653 #7 - Ключова дума – ненормативна | |
| 9 (RLIN) | 200267 |
| Ключова дума | художествена обработка на метали |
| 700 ## - Други автори (авторска отговорност) | |
| 9 (RLIN) | 1412 |
| Лично име | Пухначев, Ю. В. |
| Автороска отговорност (Описва отношението между автора и произведението) | состав. |
| 700 ## - Други автори (авторска отговорност) | |
| 9 (RLIN) | 747 |
| Лично име | Раушенбах, Борис Викторович |
| Автороска отговорност (Описва отношението между автора и произведението) | отв. ред. |
| 852 ## - Местоположение | |
| Форматна сигнатура | Цб 137926 |
| Фондова буква | Хранилище |
| 999 ## - СИСТЕМНИ КОНТРОЛНИ НОМЕРА | |
| Koha biblionumber | 365749 |
| Koha biblioitemnumber | 365749 |
| 942 ## - АРТИКУЛИ | |
| Вид на библиотечния материал | Книги |
| Скрит в OPAC | Не |
| Периодичен библиозапис | Да |
| 944 ## - СЪЗДАВАНЕ И РЕДАКЦИЯ на ЗАПИСА | |
| Създаване/Редакция | Създаване |
| Дата на регистрацията/редакция | 2020-06-02 |
| Служител, извършил регистрацията/редакцията | С.Т. |
| Статус, дата на статуса | 2020-06-02 |
| Код за отписване | Код за изгубен артикул | Източник на класификационната схема | Код за повреда | Коз за рестрикции | Код за отдаване | Артикулен № | Име на библиотеката - собственик | Име на библиотеката, в която се намира в момента | Статус (Текущо местоположение) | Дата на вписване в системата | Местоположение - отдел | Цена в лева | Инвентарен номер | Систематично азбучна сигнатура | Баркод | Цена в евро | Служебен тип на артикула |
|---|---|---|---|---|---|---|---|---|---|---|---|---|---|---|---|---|---|
| Не е изгубен | Universal Decimal Classification | Не е повреден | само за читалня | ползва се в читалня | 773730 | Регионална библиотека "Любен Каравелов" Русе | Регионална библиотека "Любен Каравелов" Русе | Хранилище | 2020-06-02 | Хранилище | 1.04 | 437992 | Цб 137926 | 900000010847 | 0.53 | Книги |